Ako podnikať

Z obsahu: Trend offshoringu v offshoringu. Firma sú ľudia. Keď je tradícia prekážkou. Ľudia sú takí dobrí, ako dobre ich riadime. Efektívny predajca - definícia predaja. Poradenstvo.

Uložené v:
Podrobná bibliografia
Médium: Kapitola
Jazyk:Slovak
Predmet:
Tagy: Pridať tag
Žiadne tagy, Buďte prvý, kto otaguje tento záznam!

MARC

LEADER 00000naa$a2200000$$$4500
001 0051843
005 20231009072907.2
041 0 |a slo 
044 |a SK 
245 1 0 |a Ako podnikať 
520 |a Z obsahu: Trend offshoringu v offshoringu. Firma sú ľudia. Keď je tradícia prekážkou. Ľudia sú takí dobrí, ako dobre ich riadime. Efektívny predajca - definícia predaja. Poradenstvo. 
610 2 0 |a podnikanie 
610 2 0 |a offshoring 
610 2 0 |a firmy 
610 2 0 |a pracovníci 
610 2 0 |a riadenie 
610 2 0 |a predajcovia 
610 2 0 |a poradenstvo